The largest art: a measured manifesto for a plural urbanism

Saved in:
Bibliografiske detaljer
Hovedforfatter: Ryan, Brent D (Author)
Format: Bog
Sprog:engelsk
Udgivet: Cambridge The MIT Press 2017
Udgivelse:1a. ed
Fag:
Tags: Tilføj Tag
Ingen Tags, Vær først til at tagge denne postø!

MARC

LEADER 00000cam a2200000 a 4500
001 UCC2835
003 CL-VaPUC
008 180323e20170000us |||||||||||||||||eng|d
020 |a 9780262036672 
082 0 4 |a 711.4  |b RYA  |2 21 
100 0 |a Ryan, Brent D  |e author  |9 596857 
245 1 4 |a The largest art: a measured manifesto for a plural urbanism 
250 |a 1a. ed 
300 |a 364 p 
942 |c BK 
945 |d 20180323 15:33:00  |a dcastane 
260 |a Cambridge  |b The MIT Press  |c 2017 
650 0 |a Urbanismo  |9 255208 
650 0 |a Planificación urbana   |9 258176 
583 |a last modification  |c 20180323 15:33:00  |k Rodrigo Vera 
999 |c 370774  |d 370772 
952 |0 0  |1 0  |3 erd  |4 0  |6 711_400000000000000_RYA_2017  |7 0  |8 A  |9 487419  |a BIBARQ  |b BIBARQ  |i 5460123  |o 711.4 RYA 2017  |p 5460123  |r 2025-01-20  |w 2019-11-24  |y BK  |z Catalogado en:20180323  |k ARQ